01643nam a2200277Ia 4500001000600000003000900006008004100015040001300056040001300069041001300082100001700095100002900112242004800141242003300189242000800222245004500230245004500275250001100320260001400331260001000345260004900355300005700404500083800461650003501299650003101334A4794IT-RoPAU130308s9999 xx 000 0 und d aIT-RoPAU cIT-RoPAU aSPAGNOLO aGubern Roman gCodice Aut. SPICS: 5725 aIMMAGINE E MESSAGGIO NELLA CULTURA DI MASSA nCod. Traduzione Titolo: 7542 yITA aMensajes iconicos en la cultura de masas bMensajes iconicos En la Cultura de Masas a2a ed. aBARCELONA bLumen c1988 [1° Ed.:1974 - Ed.Ling.Originale:1974] a"340 p. (prefazione: no ; testo: 340 [pagine: 0-0])" a"Messaggi iconici nella Cultura di Massa. fotografia Albero del Bene e del Male. Articolazione del Linguaggio Filmico. Standardizzazione e Originalità€. Struttura Iterativa e Mitogenia. Teoria del Melodramma. Limiti della Persuasione. Pittura e Fotografia. Ritratto. Roger Fenton. fotografia e Illustrazione. Mathew Brady. Erich Salomon. Robert Capa. montaggio Filmico. montaggio Ideologico. Edwin Porter. Cinema e Teatro. Segni Verbali e Iconici. Informazione e Probabilità€. Identificazione e Proiezione. Personaggio. Generi. censura Sociale. Fotoromanzi. melodramma Musicale e Teatrale. soap Opera. Argomento del Film ""Rocco e I Suoi Fratelli"". Propaganda. Consumismo. Tecnica Persuasiva. Persuasione e Comportamento. Formazione della Personalità€. contestazione Giovanile. selezione dei Messaggi. Convinzione e Persuasione." aSAGGI DI COMUNICAZIONE SOCIALE eCodice materia Spics: 3807